Female Author Match-Up Quiz Stats

Quiz Updated Apr 7, 2016

Challenge
Share
Tweet
Score 0/25 Timer 06:00
1 Play Today
% Correct
J.K. Rowling
96.8%
Harper Lee
87.2%
Jane Austen
82.5%
Louisa May Alcott
82.5%
Stephenie Meyer
82.4%
Suzanne Collins
81.8%
Agatha Christie
81.2%
Margaret Mitchell
78.4%
Laura Ingalls Wilder
76.8%
Emily Brontë
66.5%
P. L. Travers
63.9%
Virginia Woolf
63.1%
Helen Fielding
58.7%
% Correct
Astrid Lindgren
56.1%
Johanna Spyri
49.9%
Arundhati Roy
44.3%
Alice Walker
43.9%
L.M. Montgomery
43.3%
Daphne du Maurier
41.4%
Frances Hodgson Burnett
34.3%
Alice Sebold
33%
Muriel Spark
32%
Madeleine L'Engle
32%
George Eliot
29.1%
Eleanor H. Porter
23.9%

You're not logged in!

Compare scores with friends on all Sporcle quizzes.
Sign Up with Email
OR
Log In

You Might Also Like...

Show Comments

Extras

Top Quizzes Today


Score Distribution

Your Account Isn't Verified!

In order to create a playlist on Sporcle, you need to verify the email address you used during registration. Go to your Sporcle Settings to finish the process.